| 000 | 00723nas a2200241 4500 | ||
|---|---|---|---|
| 001 | BR2013002023 | ||
| 003 | BR-BrBNA | ||
| 005 | 20231205122039.0 | ||
| 007 | ta | ||
| 008 | 230509b bl.|||p| |||| 00| 00por d | ||
| 040 |
_aBR-BrBNA _bpor _cBiblioteca Nacional de Agricultura |
||
| 041 | _a(Pt) | ||
| 072 | _aL74; L70 | ||
| 100 | 1 | _aGiacomini, C. | |
| 245 | 1 | _aTratamento de Otohematoma e de otite externa em Panthera tigris | |
| 650 | _aANIMAL SELVAGEM | ||
| 650 | _aDISTÚRBIO FISIOLÓGICO | ||
| 650 | _aOTITE | ||
| 650 | _aOUVIDO | ||
| 773 | 0 |
_tA Hora Veterinária (Brazil) _xISSN 0101-9163 _g(Nov-Dec 1999), v.19(112) p. 60-61 _wBR2013002023 |
|
| 909 |
_a202311 _bLúcia _c55 _dLúcia Elande |
||
| 942 |
_2AGRIS _n0 _cANA |
||
| 999 |
_c226645 _d226645 |
||